| 000 | 00354nam a2200145Ia 4500 | ||
|---|---|---|---|
| 003 | OSt | ||
| 005 | 20240110115323.0 | ||
| 008 | 170524s9999 xx 000 0 und d | ||
| 020 | _a9788179650653 | ||
| 040 | _cIIMT UNIVERSITY | ||
| 100 | _aHARI MOHAN | ||
| 245 | 0 | _aSUCHNA KRANTI AUR VISHWA BHASHA HINDI | |
| 260 | _bN DELHI TAKSHSHILA | ||
| 942 |
_2ddc _c02 |
||
| 999 |
_c9286 _d9286 |
||